000 00778cam a22002651 4500
001 30619
003 BD-RjUL
005 20211209051606.0
008 140410s1960 nyu 001 0 eng d
035 _a(BD-RjUL) 30705
040 _aDLC
_cICU
_dICU
_dDLC
_dBD-RjUL
_beng
041 _aeng
082 0 0 _a301
_bNIM 1960
100 1 _aNiebuhr, Reinhold,
_d1892-1971.
_95054
245 1 0 _aMoral man and immoral society :
_ba study in ethics and politics/
_c Reinhold Niebuhr
260 _aNew York :
_bScribner
_c1960.
300 _axxv, 284 p.;
_c21 cm.
490 0 _aThe Scribner library, SL28
504 _aIncludes Index
650 0 _aSocial ethics.
_95055
650 0 _aPolitical ethics.
_993031
942 _2ddc
_cBK
999 _c30619
_d30619